00330 a2200121 450000100060000004000220000624000200002824500180004865000130006694200070007995201050008699900170019166254 cAnchieta - Pituba10aTalentos 2009l10aTalentos 2009 4aMúsica cMX 00104070a91.1b91.1d2023-11-21l0o780 C695 TALp21035/PITr2023-11-21 18:34:30w2023-11-21yMX c66254d66254